| 000 | 00431nam a2200169Ia 4500 | ||
|---|---|---|---|
| 008 | 230711s9999||||xx |||||||||||||| ||und|| | ||
| 041 | _aENG | ||
| 082 |
_a621.317 _bWO-P |
||
| 100 | _aWollenberg,Bruce F | ||
| 245 | 0 | _aPower generation operation and control | |
| 250 | _a2nd Ed. | ||
| 260 |
_c2005 _aNew York _bJohn Wiley & Sons.Inc |
||
| 300 | _a569 | ||
| 650 | _aElectrical Engineering | ||
| 700 | _aWood,Allen J | ||
| 942 | _cBK | ||
| 999 |
_c4475 _d4475 |
||